LEADER 00413nab a2200145 i 4500 001 000000284316 003 CaOOAMICUS 005 20180831165253.0 008 180831n xx uu u0 0und r 013 $a37609 040 $aSeMil$bita 245 10$a[SENZA TITOLO]. 500 $aGennaio 1934. 773 0 $t1933-1934 : settembre-giugno.$dTorino : SEI, 1934.$w()238995 996 $6245$a[SENZA TITOLO]$9(OLS)http://semarc/title/354609 LEADER 00599naa a2200145 i 4500 001 000000302601 003 CaOOAMICUS 005 20180831172744.0 008 180831n xx u000 u und u 013 $a10335 040 $aSeMil$bita 100 1 $aGitay, Yehoshua.$0(OLS)http://semarc/name/85570 245 10$aIsaiah and the Syro-Ephraimite war. 773 0 $aVermeylen, Jacques <1942-2014>$tBook of Isaiah.$dLeuven : University Press, 1989.$kBibliotheca Ephemeridum Theologicarum Lovaniensium$z90-6186-304-X$z90-6831-164-6$w()36418 996 $6245$aIsaiah and the Syro-Ephraimite war$9(OLS)http://semarc/title/378571